Concrete folded plate roofs / (Record no. 352624)
[ view plain ]
| 000 -LEADER | |
|---|---|
| fixed length control field | 01172 a2200289 4500 |
| 003 - CONTROL NUMBER IDENTIFIER | |
| control field | OSt |
| 005 - DATE AND TIME OF LATEST TRANSACTION | |
| control field | 20180116192340.0 |
| 008 - FIXED-LENGTH DATA ELEMENTS--GENERAL INFORMATION | |
| fixed length control field | 120524t xxu||||| |||| 00| 0 eng d |
| 010 ## - LIBRARY OF CONGRESS CONTROL NUMBER | |
| LC control number | 98128345 |
| 020 ## - INTERNATIONAL STANDARD BOOK NUMBER | |
| International Standard Book Number | 0340662662 |
| 020 ## - INTERNATIONAL STANDARD BOOK NUMBER | |
| International Standard Book Number | 0470236019 (USA) |
| 035 ## - SYSTEM CONTROL NUMBER | |
| System control number | (OCoLC)38589265 |
| 040 ## - CATALOGING SOURCE | |
| Transcribing agency | 0 |
| 082 00 - DEWEY DECIMAL CLASSIFICATION NUMBER | |
| Classification number | 695 |
| 100 1# - MAIN ENTRY--PERSONAL NAME | |
| Personal name | Wilby, C. B. |
| 9 (RLIN) | 1988 |
| 245 10 - TITLE STATEMENT | |
| Title | Concrete folded plate roofs / |
| Statement of responsibility, etc. | C.B. Wilby. |
| 260 ## - PUBLICATION, DISTRIBUTION, ETC. | |
| Place of publication, distribution, etc. | London : |
| Name of publisher, distributor, etc. | Arnold ; |
| Place of publication, distribution, etc. | New York : |
| Name of publisher, distributor, etc. | J. Wiley, |
| Date of publication, distribution, etc. | 1998. |
| 300 ## - PHYSICAL DESCRIPTION | |
| Extent | xiii, 275 p., [12] p. of plates : |
| Other physical details | ill. (some col.) ; |
| Dimensions | 26 cm. |
| 500 ## - GENERAL NOTE | |
| General note | Includes index . |
| 505 ## - FORMATTED CONTENTS NOTE | |
| Formatted contents note | Practicalities-- * Analysis used for design tables-- * Factors used in design tables --* Examples of use of design tables-- * Construction-- |
| 650 #0 - SUBJECT ADDED ENTRY--TOPICAL TERM | |
| Topical term or geographic name entry element | Folded plate structures |
| General subdivision | Design and construction. |
| 9 (RLIN) | 1989 |
| 650 #0 - SUBJECT ADDED ENTRY--TOPICAL TERM | |
| Topical term or geographic name entry element | Roofing, Concrete |
| General subdivision | Design and construction. |
| 9 (RLIN) | 1990 |
| 856 41 - ELECTRONIC LOCATION AND ACCESS | |
| Materials specified | Table of contents |
| Uniform Resource Identifier | <a href="http://www.loc.gov/catdir/toc/els051/98128345.html">http://www.loc.gov/catdir/toc/els051/98128345.html</a> |
| 856 41 - ELECTRONIC LOCATION AND ACCESS | |
| Materials specified | Publisher description |
| Uniform Resource Identifier | <a href="http://www.loc.gov/catdir/description/els033/98128345.html">http://www.loc.gov/catdir/description/els033/98128345.html</a> |
| 942 ## - ADDED ENTRY ELEMENTS (KOHA) | |
| Institution code [OBSOLETE] | SADA |
| Koha item type | Book |
| Call number prefix | 695 WIL 1998 |
| Source of classification or shelving scheme | |
| Withdrawn status | Lost status | Source of classification or shelving scheme | Damaged status | Not for loan | Permanent Location | Current Location | Date acquired | Total Checkouts | Full call number | Barcode | Date last seen | Date last checked out | Price effective from | Koha item type |
|---|---|---|---|---|---|---|---|---|---|---|---|---|---|---|
| School of Art Design and Architecture (SADA) | School of Art Design and Architecture (SADA) | 02/10/2011 | 1 | 695 WIL 1998 | SADA0000597 | 01/17/2013 | 01/09/2013 | 08/05/2011 | Book |
